000 01597nam a2200325 c 4500
999 _c61017
_d61017
003 BLK
005 20220117105053.0
008 180408b bul|||||r ||||||| ||bul||
010 _aKNG00065208000
040 _aBLK
041 _aBUL
_cBUL
080 _aОбработка под налягане. Пластично формообразуване. Формоизменящи операции(без снемане на стружки). Съединяване на материалите. Технология и оборудване. Вж и 621.9
_b621.7
_x(035)
_z621.7(035)
139 _aСправочник на технолога по механична обработка
_bС 59
245 1 0 _aСправочник на технолога по механична обработка
_bВ 2 т.
_cобща ред. на Станчо Пашов; авт. на том Петър Маринов Събчев.
_nТ. 1
257 _aBGR
260 _bТехника
_c1989
_fВраца : В. Александров
300 _c22 см
380 _a62
650 4 _aМеталообработка
_9161986
650 4 _aМеталорежещи машини
_9264256
650 4 _aМеталорежещи инструменти
_9264662
700 1 _aПашов, Станчо
_eобща ред. на
_9290294
700 1 _aСъбчев, Петър Маринов
_eавт. на том
_9370003
760 1 _d1989
_h635 с. : с табл., сх.
_tТ. 1
852 _aЦб 159855
856 4 _qpdf
856 4 _qpdf
942 _cKNG
_n0
_02
_s1
944 _aCR
_c13.06.2004
_kГеновева_Генчева
944 _aED
_c10.03.2010
999 _d61017